000 00441nam a2200157Ia 4500
003 GCL
008 140319s9999 xx 000 0 eng d
040 _aGCL /
_cGCL
082 0 4 _aCH
_b603
_bB H
100 1 _aBRACE, EDWORD AND OTHERS
245 1 0 _aHAMLYN: ALL COLOUR SCIENCE ENCYCLOPEDIA /
_cBRACE, EDWORD AND OTHERS
260 _a[S.N] :
_bHAMLYN ،
_c1990
300 _a237
650 0 4 _aENCYCLOPEDIAS AND DICTIONARIES
942 _2ddc
_cBK
999 _c17620
_d17620